000
00288nam a2200121Ia 4500
008
220204s9999 xx 000 0 und d
082
_a
576.8
_b
CAM
100
_a
Vameron, T W N
245
0
_a
Parasites and parasitism
260
_a
London
_b
ELBS
_c
1956
650
_a
Parasitism
942
_c
BK
999
_c
23022
_d
23022